000 00958nam a22001937a 4500
999 _c57236
_d57236
003 Ge_BSU
005 20200127105331.0
008 200127s2007 ge ||||| |||| 00| 0 geo d
020 _a9789941002335
041 _ageo
080 _a34(479.223)(094.1) ა-97
245 _aაჭარის ავტონომიური რესპუბლიკა :
_bსაკანონმდებლო აქტების კრებული, 2004-2007 /
_cრედ. პეტრე ზამბახიძე .
264 _aბათუმი :
_bგრიფონი,
_c2007.
300 _a388 გვ . :
_bცხ. ;
_c20 სმ.
653 _aსამართალი
653 _aაჭარის ავტონომიური რესპუბლიკის საკანონმდებლო აქტები
700 _aზამბახიძე, პეტრე
_eრედაქტორი
_92981
942 _2udc
_cBK